书目信息 |
| 题名: |
毛泽东与彭德怀
|
|
| 作者: | 少华 , 大立 著 | |
| 分册: | ||
| 出版信息: | 长沙 湖南人民出版社 2018 |
|
| 页数: | 450页 | |
| 开本: | 25cm | |
| 丛书名: | 少华作品系列 | |
| 单 册: | ||
| 中图分类: | A752 , K825.2=7 | |
| 科图分类: | ||
| 主题词: | 政治家--zheng zhi jia--生平事迹--中国--现代 , 军事家--jun shi jia--生平事迹--中国--现代 | |
| 电子资源: | ||
| ISBN: | 978-7-5438-9249-1 | |
| 000 | 01279cam 2200337 45 | |
| 001 | 012001009090 | |
| 005 | 20140101095847.0 | |
| 010 | @a978-7-5438-9249-1@dCNY68.00 | |
| 099 | @aCAL 012013121596 | |
| 100 | @a20131022d2013 em y0chiy50 ea | |
| 101 | 0 | @achi |
| 102 | @aCN@b430000 | |
| 105 | @aacf a 000yc | |
| 106 | @ar | |
| 200 | 1 | @a毛泽东与彭德怀@Amao ze dong yu peng de huai@f少华, 大立著 |
| 210 | @a长沙@c湖南人民出版社@d2018 | |
| 215 | @a450页@c图, 肖像@d25cm | |
| 225 | 2 | @a少华作品系列@Ashao hua zuo pin xi lie |
| 320 | @a有书目 | |
| 330 | @a本书以中国革命和社会主义建设为历史背景,以彭德怀与毛泽东的合作共事为线索,既反映了彭德怀对毛泽东从认识到尊重到景仰的过程,又反映了毛泽东对彭德怀的观察到信任到倚重的过程,同时在这种双向互动的描述中,生动地反映了中国近现代历史上重大事件的丰厚内涵及其决策过。 | |
| 410 | 0 | @12001 @a少华作品系列 |
| 600 | 0 | @a毛泽东,@Amao ze dong@f1893-1976@x生平事迹 |
| 600 | 0 | @a彭德怀,@Apeng de huai@f1898-1974@x生平事迹 |
| 606 | 0 | @a政治家@Azheng zhi jia@x生平事迹@y中国@z现代 |
| 606 | 0 | @a军事家@Ajun shi jia@x生平事迹@y中国@z现代 |
| 690 | @aA752@v5 | |
| 690 | @aK825.2=7@v5 | |
| 701 | 0 | @a少华@Ashao hua@4著 |
| 701 | 0 | @a大立@Ada li@4著 |
| 801 | 2 | @aCN@b上海新华@c20191020 |
| 905 | @b1186974-7@dA752@e268@f4 | |
| 毛泽东与彭德怀/少华, 大立著.-长沙:湖南人民出版社,2018 |
| 450页:图, 肖像;25cm.-(少华作品系列) |
| ISBN 978-7-5438-9249-1:CNY68.00 |
| 本书以中国革命和社会主义建设为历史背景,以彭德怀与毛泽东的合作共事为线索,既反映了彭德怀对毛泽东从认识到尊重到景仰的过程,又反映了毛泽东对彭德怀的观察到信任到倚重的过程,同时在这种双向互动的描述中,生动地反映了中国近现代历史上重大事件的丰厚内涵及其决策过。 |
| ● |
| 相关链接 |
|
|
|
|
正题名:毛泽东与彭德怀
索取号:A752/268
 
预约/预借
| 序号 | 登录号 | 条形码 | 馆藏地/架位号 | 状态 | 备注 |
| 1 | 1186974 | 211869744 | 第一样本阅览室/ [索取号:A752/268] | 在馆 | |
| 2 | 1186975 | 211869753 | 第一借阅区/ [索取号:A752/268] | 在馆 | |
| 3 | 1186976 | 211869762 | 第一借阅区/ [索取号:A752/268] | 在馆 | |
| 4 | 1186977 | 211869771 | 第一借阅区/ [索取号:A752/268] | 在馆 |